Music Quiz

Random Music or Clickable Quiz
Score 0/152 Timer 20:00
0 Plays Today
% Correct
Denmark '13
100%
Russia '08
87.5%
Norway '09
87.5%
Germany '10
87.5%
Azerbaijan '11
87.5%
Sweden '12
87.5%
Iceland '09
87.5%
Ukraine '08
75%
Russia '12
75%
Italy '11
75%
Azerbaijan '13
75%
Azerbaijan '09
75%
Turkey '10
62.5%
Greece '08
62.5%
Romania '10
62.5%
Sweden '11
62.5%
Serbia '12
62.5%
Ukraine '13
62.5%
Armenia '08
62.5%
Turkey '09
62.5%
Denmark '10
62.5%
Ukraine '11
62.5%
Azerbaijan '12
62.5%
Norway '13
62.5%
United Kingdom '09
62.5%
Denmark '11
62.5%
Russia '13
62.5%
Serbia '08
62.5%
Estonia '09
62.5%
Belgium '10
62.5%
Bosnia and Herzegovina '11
62.5%
Estonia '12
62.5%
Norway '08
50%
Azerbaijan '10
50%
Albania '12
50%
Greece '13
50%
Turkey '08
50%
Greece '09
50%
Armenia '10
50%
Greece '11
50%
Turkey '12
50%
Italy '13
50%
Azerbaijan '08
50%
France '09
50%
Greece '10
50%
Ireland '11
50%
Germany '12
50%
Malta '13
50%
Israel '08
50%
Bosnia and Herzegovina '09
50%
Georgia '10
50%
% Correct
Georgia '11
50%
Italy '12
50%
The Netherlands '13
50%
Bosnia and Herzegovina '08
50%
Armenia '09
50%
Ukraine '10
50%
Germany '11
50%
Spain '12
50%
Hungary '13
50%
Georgia '08
50%
Russia '09
50%
Russia '10
50%
United Kingdom '11
50%
Moldova '12
50%
Moldova '13
50%
Latvia '08
50%
Ukraine '09
50%
France '10
50%
Moldova '11
50%
Romania '12
50%
Belgium '13
50%
Portugal '08
50%
Denmark '09
50%
Serbia '10
50%
Slovenia '11
50%
North Macedonia '12
50%
Romania '13
50%
Iceland '08
50%
Moldova '09
50%
Israel '10
50%
Serbia '11
50%
Lithuania '12
50%
Sweden '13
50%
Denmark '08
50%
Portugal '09
50%
Spain '10
50%
France '11
50%
Ukraine '12
50%
Georgia '13
50%
Spain '08
50%
Israel '09
50%
Albania '10
50%
Russia '11
50%
Cyprus '12
50%
Belarus '13
50%
Albania '08
50%
Albania '09
50%
Bosnia and Herzegovina '10
50%
Romania '11
50%
Greece '12
50%
Iceland '13
50%
% Correct
Sweden '08
50%
Portugal '10
50%
Austria '11
50%
Bosnia and Herzegovina '12
50%
Armenia '13
50%
France '08
50%
Romania '09
50%
Iceland '10
50%
Ireland '12
50%
United Kingdom '13
50%
Romania '08
50%
Iceland '11
50%
Iceland '12
50%
Croatia '08
50%
Cyprus '10
50%
Spain '11
50%
France '13
50%
Spain '09
50%
Estonia '11
50%
United Kingdom '08
50%
Finland '09
50%
United Kingdom '10
50%
Switzerland '11
50%
United Kingdom '12
50%
Spain '13
50%
Norway '12
50%
Ireland '13
50%
Croatia '09
37.5%
Lithuania '11
37.5%
Norway '10
37.5%
Estonia '13
37.5%
Hungary '11
37.5%
France '12
37.5%
Lithuania '13
37.5%
Germany '08
37.5%
Ireland '10
37.5%
Poland '08
37.5%
Belarus '10
37.5%
Hungary '12
37.5%
Finland '13
37.5%
Germany '09
25%
Sweden '09
25%
Malta '12
25%
Germany '13
25%
Malta '09
25%
Moldova '10
25%
Lithuania '09
25%
Denmark '12
25%
Finland '11
12.5%
Finland '08
12.5%

You're not logged in!

Compare scores with friends on all Sporcle quizzes.
OR
Log In

Sporcle TV

Today on Sporcle TV


Watch our educational content, quiz creation guides, and fun videos on Sporcle TV.

Show Comments

Extras

Top Quizzes Today


Score Distribution

Paid Content

Your Account Isn't Verified!

In order to create a playlist on Sporcle, you need to verify the email address you used during registration. Go to your Sporcle Settings to finish the process.

Report this User

Report this user for behavior that violates our Community Guidelines.

Details: